Statistics for Countries with the Most Muslims

Click here to take the quiz!

General Stats

  • This quiz has been taken 58,458 times
  • The average score is 16 of 20

Answer Stats

# Muslims%Answer% Correct
38.7 mil95.7Iraq
94%
197 mil96.5Pakistan
94%
194 mil14.2India
93%
93.4 mil92.3Egypt
92%
82.3 mil99.2Turkey
92%
235 mil87.2Indonesia
88%
29.3 mil99.1Yemen
85%
36.3 mil99Morocco
84%
100 mil≈ 50Nigeria
82%
42.3 mil99Algeria
81%
82.2 mil99.2Iran
80%
22.8 mil98.3Niger
80%
41.2 mil97Sudan
78%
24.6 mil1.7China
78%
37.1 mil99.7Afghanistan
77%
152 mil90,4Bangladesh
73%
33.2 mil97.1Saudi Arabia
70%
31.7 mil96.5Uzbekistan
62%
37.3 mil33.9Ethiopia
53%
21.4 mil35.2Tanzania
52%

Score Distribution

Percentile by Number Answered

Percent of People with Each Score

Your Score History

You have not taken this quiz